00629nam a2200181Ia 4500008004100000082001300041100001700054245005600071250000800127260003200135300001200167500002400179650001600203942000700219952010200226952010200328999001700430230524s9999 xx 000 0 und d a540bHAY aSimon Haykin 3aAn Introduction to Analog and Digital Communication a1ST aNEW DELHIbJohn Wileyc2004 aXVI;645 aQuantity Number: 2 aElectronics cBK 00104070aTATCLbTATCLcGENd2023-05-24l0o540 HAYp8638r2023-05-24w2023-05-24yBKzPCEC4302 00104070aTATCLbTATCLcGENd2023-05-24l0o540 HAYp8639r2023-05-24w2023-05-24yBKzPCEC4302 c30033d30033